MARC

LEADER 00000nam0a2200000 4500
001 283016
005 20231101235544.0
020 |a RU  |b 85-771и 
035 |a (RuTPU)RU\TPU\book\307036 
090 |a 283016 
100 |a 20150204d1984 km y0rusy5003 ca 
101 0 |a rus 
102 |a RU 
105 |a a z 000zb 
200 1 |a Фараон Мирзоян  |f Авт. вступ. ст. и сост. К. Г. Мискарян 
210 |a Москва  |c Советский художник  |d 1984 
215 |a 47 с.  |c цв. ил. 
225 1 |a Новые имена 
600 1 |a Мирзоян  |b Ф. М.  |c российский-армянский художник  |f 1949-  |g Фараон Микаэлович  |2 stltpush  |3 (RuTPU)RU\TPU\pers\39020 
606 1 |a Живописцы  |2 stltpush  |3 (RuTPU)RU\TPU\subj\10834  |9 37852 
610 1 |a изобразительное искусство 
610 1 |a армянская живопись 
610 1 |a художественное творчество 
610 1 |a художники 
610 1 |a альбомы 
610 1 |a Россия 
610 1 |a 20 век 
675 |a 75.071  |z rus  |v 3 
702 1 |a Мискарян  |b К. Г.  |g Каринэ Грантовна  |4 220 
801 0 |a RU  |b RuMRKP  |c 19950704  |g psbo 
801 1 |a RU  |b 63413507  |c 20150204 
801 2 |a RU  |b 63413507  |c 20170726  |g RCR 
942 |c BK